01295nam a22001457a 4500003000400000020001800004082001800022100001200040245002800052250000800080260002500088300000800113650002400121653100400145SGT a9781259097980 a332.10954,KHA aKHAN,MY aINDIAN FINANCIAL SYSTEM a8TH aNEW DELHIbTMHc2013 aV.P aFINANCIAL ECONOMICS aPART 1 : THE BACKGROUND 1. FINANCIAL SYSTEMS: FUNCTIONS AND STRUCTURE/ORGANISATION 2. INDIAN FINANCIAL SYSTEM—AN OVERVIEW PART 2 : FINANCIAL MARKETS 3. FUNCTIONS AND ORGANISATION 4. REGULATORY FRAMEWORK – PRIMARY MARKET 5. REGULATORY FRAMEWORK – SECONDARY MARKET 6. PRIMARY MARKET ORGANISATION: INTERMEDIARIES 7. PRIMARY MARKET ORGANISATION: ACTIVITIES/PROCEDURES 8. SECONDARY/STOCK MARKET ORGANISATION 9. MONEY MARKETS PART 3 : FINANCIAL INTERMEDIARIES 10. PRUDENTIAL AND EXPOSURE NORMS RELATING TO CREDIT/ADVANCE AND INVESTMENT PORTFOLIOS OF BANKS 11. MANAGEMENT OF NON-PERFORMING ASSETS 12. PRUDENTIAL NORMS RELATING TO CAPITAL ADEQUACY: BASEL II FRAMEWORK 13. RISK MANAGEMENT IN BANKS 14. NON-BANKING FINANCIAL COMPANIES 15. MUTUAL FUNDS: REGULATIONS AND OPERATIONS 16. INSURANCE ORGANISATION PART 4 CAPITAL MARKET INSTRUMENTS 17. CAPITAL MARKET INSTRUMENTS PART 5 PRIVATE FOREIGN INVESTMENT 18. FOREIGN DIRECT INVESTMENTS 19. OTHER FORMS OF FOREIGN INVESTMENT IN INDIA/ABROAD